| 000 | 00918nam a2200289 i 4500 | ||
|---|---|---|---|
| 003 | EG-GICUC | ||
| 005 | 20260121101731.0 | ||
| 008 | 260117s1966 sz ||||fr ||| 00| 0 fre d | ||
| 040 |
_aEG-GICUC _cEG-GICUC _dEG-GICUC _erda _bfre |
||
| 041 | 0 | _afre | |
| 082 | 0 | 4 |
_221 _a341.48 _bPI . P |
| 092 | 0 | 4 | _221 |
| 099 | _aLaw1 11 341.48 PI . P 1966 | ||
| 100 | 1 |
_aPictet,Jean _eAuteur |
|
| 245 | 1 | 2 |
_aLe Principes Du Droit International Humanitaire / _cJean Pictet . |
| 264 | 0 |
_aGeneve : _bComite International De La Croix-Rouge , _c1966 . |
|
| 300 |
_a61 Pages; _c30 cm. _billustration ; |
||
| 336 |
_atext _2rda content |
||
| 337 |
_aComputer _2rda media |
||
| 338 |
_aOnline Resource _2rda carrier |
||
| 546 | _aTexte en français | ||
| 650 | 0 | 4 | _aDroit international public |
| 650 | 0 | 4 | _adroits de l'homme |
| 856 | _uhttps://fll.law.cu.edu.eg/fulltext/th/B11-06800.pdf | ||
| 905 | _a59 | ||
| 942 |
_2ddc _cBK _e21 _n0 |
||
| 999 |
_c57294 _d57294 |
||